000 00645nam a2200253Ia 4500
003 OSt
005 20220918221206.0
006 a|||||r|||| 00| 0
007 ta
008 220917b |||||||| |||| 00| 0 eng d
024 _a148,712
037 _cTextual
040 _aARTS
_cARTS
_beng
041 _2eng
_aeng
082 _aTv2.N7, L7
100 _aSafaya Raghunath
_984050
245 0 _aCurrent problems in Indian education
250 _a5th
260 _aDelhi
_bDhanpat Rai
_c1977
300 _a370p.
_ccm.
650 _aEDUCATION
942 _hTv2.N7, L7
_cTEXL
_2CC
999 _c271389
_d271389